Nouveaux matériaux pour une conception écologique: un rapport multidisciplinaire
Sparad:
| Huvudupphovsmän: | , , |
|---|---|
| Materialtyp: | Bok |
| Språk: | franska |
| Publicerad: |
Dublin
Foundation Europeenne pour l'amelioration des Conditions de Vie et de Travail
1995
|
| Ämnen: | |
| Taggar: |
Lägg till en tagg
Inga taggar, Lägg till första taggen!
|
MARC
| LEADER | 00000nam a2200000 a 4500 | ||
|---|---|---|---|
| 001 | UCU5756 | ||
| 003 | CL-VaPUC | ||
| 008 | 960614e19950000ie |||||||||||||||||fre|d | ||
| 082 | 0 | 4 | |a 577 |b BEN |2 21 |
| 100 | 0 | |a Benjamin, Yorick |e author |9 363738 | |
| 700 | 0 | |a Edirisinghe, Mohan |e author |9 363739 | |
| 700 | 0 | |a Zwetsloot, Gerard |e author |9 363740 | |
| 245 | 1 | 0 | |a Nouveaux matériaux pour une conception écologique: un rapport multidisciplinaire |
| 300 | |a 106 p | ||
| 942 | |c BK | ||
| 945 | |d 19960614 00:00:00 |a rbrito | ||
| 260 | |a Dublin |b Foundation Europeenne pour l'amelioration des Conditions de Vie et de Travail |c 1995 | ||
| 650 | 0 | |a Ecología |9 258124 | |
| 650 | 0 | |a Ecosistemas |9 261477 | |
| 583 | |a last modification |c 20160928 09:38:14 |k Rodrigo Vera | ||
| 999 | |c 248950 |d 248948 | ||
| 952 | |0 0 |1 0 |4 0 |6 577_000000000000000_BEN_1995 |7 0 |8 P |9 265915 |a BIBDER |b BIBDER |d 2019-11-19 |i 3197530 |o 577 BEN 1995 |p 3197530 |r 2023-01-25 |w 2019-11-19 |y BK |k DER | ||